000 00280nam a2200121Ia 4500
008 240624s9999 xx 000 0 und d
041 _aeng
082 _a891.46 DES
100 _aDESHPANDEY PU LA
245 _aEK SHUNYA ME
260 _c2017
_aPune
_bMauj Prakashan
365 _cRS
999 _c31382
_d31382